LEADER 01108nas 2200373- 450 001 9910894026403321 005 20210914213022.0 035 $a(OCoLC)830349171 035 $a(CKB)2670000000338817 035 $a(CONSER)--2014268588 035 $a(DE-599)ZDB2708357-3 035 $a(EXLCZ)992670000000338817 100 $a20130319a20119999 --- a 101 0 $aeng 135 $aur||||||||||| 181 $ctxt$2rdacontent 182 $cc$2rdamedia 183 $acr$2rdacarrier 200 00$aAdvances in fixed point theory 210 1$a[London] :$c[Science & Knowledge Publishing Corporation Limited],$d2011- 215 $a1 online resource 300 $aRefereed/Peer-reviewed 311 08$a1927-6303 517 1 $aAFPT 531 0 $aAdv. fixed point theory 606 $aFixed point theory$vPeriodicals 606 $aFixed point theory$2fast$3(OCoLC)fst00926886 608 $aPeriodicals.$2fast 615 0$aFixed point theory 615 7$aFixed point theory. 906 $aJOURNAL 912 $a9910894026403321 996 $aAdvances in fixed point theory$94260485 997 $aUNINA